000 00744nam a2200205Ia 4500
999 _c49467
_d49467
003 GCL
005 20240530104637.0
008 140319s9999 xx 000 0 ara d
040 _aGCL /
_cGCL
082 0 4 _a219.1
_bا ا
100 1 _aاحمد سيكوتورى
245 1 0 _aالاسلام دين الجماعة /
_cاحمد سيكوتورى ؛ ترجمة محمد البخارى
260 _a[S.N] :
_bشركة الشايع للنشر والتوزيع ،
_c1977
300 _a158 ص
490 _aالهيئة العامة للاستعلامات
_v0
650 0 4 _aالاسلام والاصلاح الاجتماعى
650 0 4 _aالاسلام والاصلاح السياسى
700 1 _aمحمد البخارى
942 _2ddc
_cBK